Statistics for Lanzarote Airport Destinations (Lanzarote, Spain)

Click here to take the quiz!

General Stats

  • This quiz has been taken 29 times
  • The average score is 73 of 87

Answer Stats

AirlineDestination% Correct
Aer Lingus/Ryanair/TUI AirwaysDublin
100%
easyJet/Jet2.com/RyanairEdinburgh
100%
British Airways/easyJet/TUI Airways/VuelingLondon (Gatwick)
100%
easyJet/Ryanair/TUI AirwaysLondon (Luton)
100%
Jet2.com/RyanairLondon (Stansted)
100%
easyJet/Jet2.com/Ryanair/TUI AirwaysManchester
100%
Norwegian Air Shuttle/Scandinavian AirlinesOslo
100%
easyJetParis (Charles de Gaulle)
100%
Transavia/VuelingParis (Orly)
100%
Ryanair/VuelingAlicante
94%
easyJet/Transavia/TUI fly Netherlands/VuelingAmsterdam
94%
easyJet/Jet2.com/TUI AirwaysBelfast (International)
94%
easyJet/Eurowings/RyanairBerlin
94%
Air Europa/VuelingBilbao
94%
Jet2.com/Ryanair/TUI AirwaysBirmingham
94%
Brussels Airlines/TUI fly BelgiumBrussels
94%
Corendon Airlines/Eurowings/RyanairCologne/Bonn
94%
Aer Lingus/Ryanair/TUI AirwaysCork
94%
Condor/Corendon Airlines/Eurowings/TUI fly DeutschlandDusseldorf
94%
Condor/Eurowings Discover/TUI fly DeutschlandFrankfurt
94%
Binter Canarias/CanaryflyGran Canaria
94%
FinnairHelsinki
94%
Jet2.com/RyanairLeeds/Bradford
94%
easyJet/Jet2.com/RyanairLiverpool
94%
LuxairLuxembourg
94%
Air Europa/Iberia Express/RyanairMadrid
94%
Iberia/VuelingMalaga
94%
easyJet/NeosMilan (Malpensa)
94%
Condor/Eurowings Discover/Marabu/TUI fly DeutschlandMunich
94%
Jet2.com/Ryanair/TUI AirwaysNewcastle upon Tyne
94%
RyanairRome (Fiumicino)
94%
TUI fly NordicStockholm (Arlanda)
94%
Binter Canarias/CanaryflyTenerife (North)
94%
VoloteaToulouse
94%
Austrian Airlines/RyanairVienna
94%
SmartwingsWarsaw (Chopin)
94%
Edelweiss AirZurich
94%
Volotea/VuelingAsturias
88%
Air Europa/Ryanair/VuelingBarcelona
88%
easyJetBasel/Mulhouse
88%
Norwegian Air ShuttleBergen
88%
easyJet/VoloteaBordeaux
88%
easyJet/Jet2.com/Ryanair/TUI AirwaysBristol
88%
VuelingCopenhagen
88%
Transavia/TUI fly NetherlandsEindhoven
88%
Jet2.com/TUI AirwaysGlasgow
88%
RyanairGlasgow (Prestwick)
88%
RyanairHahn
88%
Condor/EurowingsHamburg
88%
Corendon Airlines/TUI fly DeutschlandHannover
88%
easyJet/VoloteaLyon
88%
Ryanair/VoloteaMarseille
88%
Transavia/VoloteaNantes
88%
VuelingPalma de Mallorca
88%
SmartwingsPrague
88%
Iberia/Ryanair/VuelingSeville
88%
Ryanair/TUI AirwaysShannon
88%
Condor/Eurowings/TUI fly DeutschlandStuttgart
88%
Iberia/VuelingValencia
88%
RyanairVenice
88%
VuelingZaragoza
88%
Ryanair/TUI AirwaysBournemouth
81%
TUI fly NordicGothenburg
81%
Transavia/TUI fly NetherlandsRotterdam/The Hague
81%
RyanairTurin
81%
IberiaVigo
81%
Jet2.com/Ryanair/TUI AirwaysEast Midlands
75%
Binter CanariasLa Palma
75%
Corendon AirlinesNuremberg
75%
Air Europa/Ryanair/VuelingSantiago de Compostela
75%
RyanairBologna
69%
RyanairBudapest
69%
TUI AirwaysCardiff
69%
RyanairCharleroi
69%
Binter CanariasFunchal
69%
CondorLeipzig/Halle
69%
VoloteaStrasbourg
69%
RyanairBergamo
63%
SmartwingsKatowice
63%
VoloteaLille
63%
RyanairWeeze
63%
RyanairMemmingen
56%
IberiaValladolid
50%
TUI AirwaysExeter
44%
RyanairKnock
44%
RyanairBratislava
38%
Binter CanariasGuelmim
13%

Score Distribution

Percentile by Number Answered

Percent of People with Each Score

Your Score History

You have not taken this quiz